| 000 | 01203cad a22002295a 4500 | ||
|---|---|---|---|
| 001 | E149550 | ||
| 008 | 100318s2010 xxk f 000 0 eng d | ||
| 035 | _a(Sirsi) u149550 | ||
| 041 | 0 | _aeng | |
| 050 | 0 | 4 | _a333.32 $2 18 |
| 110 | 2 |
_aInvestment Property Forum _92112 |
|
| 245 | 0 | 0 |
_aInvestment Property Forum UK consensus forecasts, survey of independent forecasts for UK commercial property investment _bsummary report, February 2010 _h[electronic resource] |
| 260 |
_aLondon _bIPF _c2010 |
||
| 520 | _aThis forecast report for Q1 2010 suggests a more optimistic outlook over the next three to five years, with the All Property total return for 2010 improving from a forecast of 10% to 13.4%. Capital value growth forecasts have improved strongly, however rental value growth is only expected to improve slightly. | ||
| 521 | _aAdvanced | ||
| 590 | _aKA | ||
| 650 | 2 | 4 | _aIPF CONSENSUS FORECAST SURVEY |
| 651 | 4 |
_aUnited Kingdom _y |
|
| 690 | _aPROPERTY-COMMERCIAL PROPERTY-COMMERCIAL PROPERTY MARKET | ||
| 856 | 4 | 0 |
_uhttps://www.ipf.org.uk/mainwebsite/generalcontent8ffa20e881efb5fc6521db79.aspx?map=eb5ac5da475549fedb91c00e0648968d _zView the item free of charge at www.ipf.org.uk |
| 942 | _n0 | ||
| 999 |
_c110536 _d110536 |
||